[Event "World Youth U16 Olympiad"]
[Site "Gyor HUN"]
[Date "2014.12.19"]
[Round "8.16"]
[Board "1"]
[White "Valkama, Eero"]
[Black "Bjerre, Jonas"]
[Result "1-0"]
[WhiteElo "2108"]
[BlackElo "2073"]
[WhiteTeam "Finland"]
[BlackTeam "Denmark"]
[WhiteFideId "507555"]
[BlackFideId "1444948"]
[EventDate "2014.12.13"]
[EventType "team"]

1. e4 c5 2. Nf3 e6 3. d4 cxd4 4. Nxd4 Nc6 5. Nc3 Qc7 6. g3 a6 7. Bg2 Nf6 8. O-O
Nxd4 9. Qxd4 Bc5 10. Qd3 h6 11. b3 d6 12. Na4 e5 13. Nxc5 dxc5 14. Bb2 O-O 15.
f4 Ng4 16. Qf3 c4 17. Rae1 exf4 18. gxf4 Qc5+ 19. Kh1 cxb3 20. cxb3 Rd8 21. Re2
Bd7 22. h3 Qh5 23. Rg1 Bb5 24. Rc2 Bd7 25. f5 Nf6 26. Bxf6 1-0

[Event "World Youth U16 Olympiad"]
[Site "Gyor HUN"]
[Date "2014.12.19"]
[Round "8.16"]
[Board "2"]
[White "Moller, Sophus Mechlenburg"]
[Black "Keinanen, Toivo"]
[Result "1/2-1/2"]
[WhiteElo "2133"]
[BlackElo "2045"]
[WhiteTeam "Denmark"]
[BlackTeam "Finland"]
[WhiteFideId "1439090"]
[BlackFideId "509825"]
[EventDate "2014.12.13"]
[EventType "team"]

1. c4 c5 2. g3 g6 3. Nc3 Bg7 4. Bg2 Nc6 5. Nf3 Nf6 6. d4 cxd4 7. Nxd4 O-O 8. Nc2
d6 9. O-O Be6 10. b3 Qd7 11. Re1 Rfd8 12. e4 a6 13. Nd5 Rab8 14. Bb2 Nh5 15.
Bxg7 Nxg7 16. Nb6 Qc7 17. Nd5 Qd7 18. Nce3 b5 19. Rc1 Rdc8 20. Re2 Bxd5 21. Nxd5
Kh8 22. cxb5 axb5 23. Rec2 Ne8 24. Bf1 e6 25. Nb4 Ne7 26. Rxc8 Rxc8 27. Rxc8
Nxc8 28. a4 bxa4 29. bxa4 Qb7 30. Qd4+ e5 31. Qd5 Qxd5 32. exd5 Kg7 33. a5 Nc7
34. a6 Kf6 35. Nc6 Nxd5 36. a7 Nc7 37. Bh3 Nb6 38. Kf1 Kg5 39. Ke2 f5 40. Kd3
Kf6 41. g4 Ke6 42. gxf5+ gxf5 43. Kc3 Ncd5+ 44. Kb3 Nf4 45. Bf1 Kd7 46. Na5 Ne6
47. Kb4 Nc7 48. Bh3 Ke6 49. Nc4 Nc8 50. Ne3 Nxa7 51. Bxf5+ Kf6 52. Bxh7 Nc6+ 53.
Kc4 Ne7 54. h4 Kg7 55. Be4 Kh6 56. Bf3 Ne6 57. Ng4+ Kg6 58. h5+ Kxh5 59. Nxe5+
Kg5 60. Nf7+ Kf4 61. Bg2 d5+ 62. Bxd5 Nxd5 63. Kxd5 Kf3 64. Kxe6 Kxf2 1/2-1/2

[Event "World Youth U16 Olympiad"]
[Site "Gyor HUN"]
[Date "2014.12.19"]
[Round "8.16"]
[Board "3"]
[White "Syvalahti, Timo"]
[Black "Jacobsen, Mikkel Manosri"]
[Result "1/2-1/2"]
[WhiteElo "1923"]
[BlackElo "2167"]
[WhiteTeam "Finland"]
[BlackTeam "Denmark"]
[WhiteFideId "509515"]
[BlackFideId "1444514"]
[EventDate "2014.12.13"]
[EventType "team"]

1. d4 d5 2. c4 c6 3. cxd5 cxd5 4. Nf3 Nc6 5. Nc3 Nf6 6. Bf4 e6 7. e3 Be7 8. Bd3
O-O 9. O-O Nh5 10. Bg3 Nxg3 11. hxg3 Bf6 12. Rc1 Bd7 13. Na4 Nb4 14. Bb1 Bb5 15.
Re1 Rc8 16. Rxc8 Qxc8 17. a3 Nc6 18. Nc5 b6 19. Qc2 g6 20. a4 bxc5 21. axb5 Nb4
22. Qxc5 Qxc5 23. dxc5 Rc8 24. c6 a6 25. bxa6 Rxc6 26. a7 Ra6 27. b3 Rxa7 28.
Rc1 Ra1 29. Nd2 Na2 30. Rc8+ Kg7 31. Ra8 Nc1 32. Rxa1 Bxa1 33. Bc2 Bc3 34. Nf3
e5 35. Kf1 f5 36. Ne1 e4 37. f3 Kf6 38. Kf2 d4 39. exd4 Bxd4+ 40. Kf1 e3 41. Bd3
Nxb3 42. Nc2 Ke5 43. Bb5 Nc1 44. Bc4 Bb6 45. Ke1 Ba5+ 46. Kd1 Bd2 47. f4+ Ke4
48. Bg8 h6 49. Bh7 Na2 50. Ke2 Nc3+ 51. Kf1 e2+ 52. Kf2 g5 53. fxg5 hxg5 54. g4 1/2-1/2

[Event "World Youth U16 Olympiad"]
[Site "Gyor HUN"]
[Date "2014.12.19"]
[Round "8.16"]
[Board "4"]
[White "Vangsgaard, Freja"]
[Black "Lindholm, Jere"]
[Result "1/2-1/2"]
[WhiteElo "1801"]
[BlackElo "1745"]
[WhiteTeam "Denmark"]
[BlackTeam "Finland"]
[WhiteFideId "1436589"]
[BlackFideId "508012"]
[EventDate "2014.12.13"]
[EventType "team"]

1. d4 Nf6 2. c4 e5 3. dxe5 Ng4 4. Bf4 Nc6 5. Nf3 Bb4+ 6. Nbd2 Qe7 7. e3 Ngxe5 8.
Nxe5 Nxe5 9. a3 Bxd2+ 10. Qxd2 O-O 11. Be2 d6 12. O-O Bf5 13. Qc3 Rfe8 14. Rfd1
Rad8 15. Rd2 f6 16. Rad1 c6 17. Qb4 c5 18. Qa4 b6 19. Qb5 Rd7 20. Rxd6 Rxd6 21.
Rxd6 Bd7 22. Rxd7 Qxd7 23. Qxd7 Nxd7 24. Bf3 Ne5 25. Bxe5 Rxe5 26. Kf1 Kf7 27.
Ke2 Ke7 28. Bb7 Kd6 29. b3 Kc7 30. Bd5 a6 31. Bf7 b5 32. Bg8 h6 33. Bf7 Kb6 34.
Bg8 a5 35. cxb5 Kxb5 36. Bc4+ Kc6 37. a4 Kd6 38. Kf3 Rf5+ 39. Ke2 Rh5 1/2-1/2

[Event "World Youth U16 Olympiad"]
[Site "Gyor HUN"]
[Date "2014.12.19"]
[Round "8.17"]
[Board "1"]
[White "Dale, Ari"]
[Black "Gorodetzky, David"]
[Result "0-1"]
[WhiteTitle "IM"]
[WhiteElo "2252"]
[BlackElo "2164"]
[WhiteTeam "Australia"]
[BlackTeam "Rehovot Chess School"]
[WhiteFideId "3213145"]
[BlackFideId "2813416"]
[EventDate "2014.12.13"]
[EventType "team"]

1. e4 e6 2. d4 d5 3. Nc3 Nf6 4. Bg5 Be7 5. e5 Nfd7 6. h4 h6 7. Be3 c5 8. Qg4 g6
9. Nf3 Nc6 10. O-O-O c4 11. Kb1 b5 12. Nxb5 Qa5 13. Nd6+ Bxd6 14. exd6 Rb8 15.
Bc1 Nf6 16. Qf4 Ne4 17. c3 Qa4 18. Bxc4 Nxc3+ 19. Ka1 Qxc4 20. b3 Rxb3 21. Bb2
Ra3 0-1

[Event "World Youth U16 Olympiad"]
[Site "Gyor HUN"]
[Date "2014.12.19"]
[Round "8.17"]
[Board "2"]
[White "Zlatin, Alexander"]
[Black "Loh, Zachary"]
[Result "1/2-1/2"]
[WhiteElo "2032"]
[BlackElo "2075"]
[WhiteTeam "Rehovot Chess School"]
[BlackTeam "Australia"]
[WhiteFideId "2810549"]
[BlackFideId "3210383"]
[EventDate "2014.12.13"]
[EventType "team"]

1. e4 d5 2. exd5 Nf6 3. d4 Bg4 4. f3 Bf5 5. c4 e6 6. Bd3 Bxd3 7. Qxd3 exd5 8. c5
b6 9. Be3 bxc5 10. dxc5 Nbd7 11. Qc3 Qe7 12. Ne2 d4 13. Qxd4 Nxc5 14. O-O Rd8
15. Qxc5 Qxc5 16. Bxc5 Bxc5+ 17. Kh1 O-O 18. Nbc3 Rd2 19. Rab1 Re8 20. Ng3 Bd4
21. Rfd1 Bxc3 22. bxc3 Rxa2 23. Rb7 h5 24. Rxc7 h4 25. Nf1 Ree2 26. Rc8+ Kh7 27.
Rc4 g5 28. Rcd4 Rxg2 29. R4d2 Rgxd2 30. Rxd2 Ra1 31. Kg2 Rc1 32. Ra2 Rxc3 33.
Rxa7 Kg6 34. Ra2 Nd5 35. Nd2 Rc1 36. Ne4 h3+ 37. Kf2 Rh1 38. Ra6+ f6 39. Rd6
Rxh2+ 40. Kg1 Rg2+ 41. Kh1 Nf4 42. Rxf6+ Kg7 43. Nxg5 Nh5 44. Nxh3 Rg3 45. Rf5
Rxh3+ 46. Kg2 Rh4 47. Rg5+ Kf6 48. Rg4 Rxg4+ 1/2-1/2

[Event "World Youth U16 Olympiad"]
[Site "Gyor HUN"]
[Date "2014.12.19"]
[Round "8.17"]
[Board "3"]
[White "Chew Lee, Max"]
[Black "Parkhov, Yair"]
[Result "1/2-1/2"]
[WhiteElo "1931"]
[BlackElo "1960"]
[WhiteTeam "Australia"]
[BlackTeam "Rehovot Chess School"]
[WhiteFideId "3213137"]
[BlackFideId "2813408"]
[EventDate "2014.12.13"]
[EventType "team"]

1. e4 e6 2. d4 d5 3. Nc3 Nf6 4. Bg5 Be7 5. e5 Nfd7 6. h4 h6 7. Be3 c5 8. Qg4 g6
9. Nf3 Nc6 10. O-O-O cxd4 11. Bxd4 Nxd4 12. Rxd4 Bc5 13. Rd2 a6 14. Bd3 Qe7 15.
Re1 Nb6 16. a3 Qc7 17. a4 Bd7 18. a5 Nc4 19. Bxc4 dxc4 20. Red1 O-O-O 21. Qxc4
Qxa5 22. Kb1 Bc6 23. Rxd8+ Rxd8 24. Rxd8+ Kxd8 25. Nd4 Qb6 26. Nxc6+ Qxc6 27.
Ne4 Be7 28. Qd4+ Kc7 29. g3 Qd5 30. c3 Kc6 31. Kc2 Bc5 32. Qa4+ Kc7 33. Nxc5
Qxc5 34. Qf4 Qf8 35. g4 Qg7 36. Qc4+ Kb8 37. Qc5 g5 38. Qd6+ Ka7 39. h5 Qh7+ 40.
Qd3 Qh8 41. Qd4+ Ka8 42. Kd2 Qe8 43. Qd6 Ka7 44. b4 Qb5 45. Qc5+ Qxc5 46. bxc5
a5 47. f4 gxf4 48. g5 a4 49. g6 fxg6 50. hxg6 a3 51. g7 a2 52. g8=Q a1=Q 53.
Qxe6 Qb2+ 54. Kd3 f3 55. Qxh6 Qb5+ 56. Ke3 Qe2+ 57. Kd4 Qd1+ 58. Ke4 f2 59. Qb6+
Ka8 60. c6 Qe2+ 61. Kd4 Qd2+ 62. Ke4 Qe1+ 63. Kd4 Qd2+ 64. Ke4 Qe2+ 65. Kd4 Qd2+ 1/2-1/2

[Event "World Youth U16 Olympiad"]
[Site "Gyor HUN"]
[Date "2014.12.19"]
[Round "8.18"]
[Board "1"]
[White "Petrov, Martin"]
[Black "Roos, Lucas"]
[Result "1-0"]
[WhiteElo "2183"]
[BlackElo "1732"]
[WhiteTeam "Bulgaria"]
[BlackTeam "South Africa 1"]
[WhiteFideId "2911086"]
[BlackFideId "14308673"]
[EventDate "2014.12.13"]
[EventType "team"]

1. e4 e6 2. d4 d5 3. Nd2 Be7 4. Bd3 c5 5. dxc5 Nf6 6. exd5 Qxd5 7. Ngf3 O-O 8.
O-O Nc6 9. a3 a5 10. b3 Bxc5 11. Bb2 e5 12. Re1 Ba7 13. Nxe5 Qc5 14. Nxc6 Qxf2+
15. Kh1 bxc6 16. Ne4 Ng4 17. Qf3 Qh4 18. h3 f5 19. Bc4+ Kh8 20. Re2 Bd7 21. Rf1
h6 22. Nd6 Bc5 23. Nf7+ Kh7 24. Qd3 Rae8 25. Qxd7 Ne3 26. Rxe3 Rxe3 27. Qxf5+ g6
28. Qg4 Qe7 29. Qf4 Rxh3+ 30. gxh3 Be3 31. Qg4 h5 32. Qxg6+ Kxg6 33. Bd3+ 1-0

[Event "World Youth U16 Olympiad"]
[Site "Gyor HUN"]
[Date "2014.12.19"]
[Round "8.18"]
[Board "2"]
[White "Berman, Jacob"]
[Black "Stefanov, Emil"]
[Result "1/2-1/2"]
[WhiteElo "1833"]
[BlackElo "2134"]
[WhiteTeam "South Africa 1"]
[BlackTeam "Bulgaria"]
[WhiteFideId "2071010"]
[BlackFideId "2914794"]
[EventDate "2014.12.13"]
[EventType "team"]

1. d4 Nf6 2. c4 c5 3. d5 e6 4. Nc3 exd5 5. cxd5 d6 6. e4 g6 7. f4 Bg7 8. Bb5+
Nfd7 9. a4 O-O 10. Nf3 Na6 11. O-O Nb4 12. Re1 a6 13. Bc4 Nb6 14. Be2 Bg4 15.
Na2 Bxf3 16. Bxf3 Nc4 17. Qe2 b5 18. Nxb4 cxb4 19. Qf2 Qd7 20. Bd1 Rac8 21. axb5
Qxb5 22. Ba4 Qc5 23. Qxc5 Rxc5 24. Ra2 Bd4+ 25. Kf1 f5 26. Bd7 fxe4 27. Rxe4 b3
28. Rxa6 Bxb2 29. Bxb2 Nxb2 30. Rb4 Nd3 31. Rxb3 Nxf4 32. Ra1 Rxd5 33. Rf3 Rd2
34. Rf2 Rxf2+ 35. Kxf2 Rf7 36. Bb5 Kg7 37. Bc4 d5 38. Bb3 Rb7 39. Ra3 d4 40. Kf3
Nh5 41. Ke4 Rd7 42. Bc4 Nf6+ 43. Kf3 Rc7 44. Bd3 Rc3 45. Rxc3 dxc3 46. Bc2 Nd5
47. Ke2 Nb4 48. Bb3 Kf6 49. Ke3 Kg5 50. Ba4 Kf5 51. Bb3 Kg5 52. Ba4 Kf6 53. Bb3
Kg7 54. Ba4 Kf8 55. Bb3 Kg7 56. Ba4 Kh6 57. Bb3 Kg5 58. Ba4 h6 59. Bb3 Kf5 60.
Ba4 Kf6 61. Bb3 Ke5 62. Bf7 Kf6 63. Bb3 Kg7 64. Ba4 Kf7 65. Bb3+ Ke7 66. Ba4 Kd6
67. Be8 g5 68. Ba4 Ke5 69. Bb3 c2 70. Kd2 Kf4 71. Bc4 Ke4 72. Bb3 Kd4 73. Ba4
c1=Q+ 74. Kxc1 Ke3 75. Bd7 Kf2 76. g3 Nd3+ 77. Kd1 Ne5 78. Be6 Nf3 79. h4 Kxg3
80. hxg5 Nxg5 81. Bd7 h5 82. Ke2 Kg2 83. Bc6+ Kg3 84. Kf1 Nh3 85. Bd7 Nf2 86.
Kg1 Ng4 87. Be8 h4 88. Bd7 Ne3 1/2-1/2

[Event "World Youth U16 Olympiad"]
[Site "Gyor HUN"]
[Date "2014.12.19"]
[Round "8.18"]
[Board "3"]
[White "Petrov, Vladimir Sergeev"]
[Black "Modi, Sachin"]
[Result "1/2-1/2"]
[BlackTitle "CM"]
[WhiteElo "2055"]
[BlackElo "1718"]
[WhiteTeam "Bulgaria"]
[BlackTeam "South Africa 1"]
[WhiteFideId "2902940"]
[BlackFideId "14304589"]
[EventDate "2014.12.13"]
[EventType "team"]

1. e4 c5 2. Nf3 Nc6 3. d4 cxd4 4. Nxd4 g6 5. Nc3 Bg7 6. Be3 Nf6 7. Bc4 O-O 8.
Bb3 a5 9. O-O d6 10. f3 Bd7 11. a4 Nxd4 12. Bxd4 Bc6 13. e5 dxe5 14. Bxe5 e6 15.
Nb5 Nd5 16. Bxg7 Kxg7 17. Qd4+ Qf6 18. Rfe1 Rfd8 19. Rad1 Rd7 20. Qxf6+ Nxf6 21.
Nd4 Rad8 22. c3 Bd5 23. Bc2 b6 24. Bd3 Bb7 25. Bb5 Rd6 26. Rd2 Kf8 27. Rde2 Nd5
28. g3 Nc7 29. f4 Ba6 30. Kf2 Rd5 31. Re5 Kg7 32. Bc6 R5d6 33. Bf3 Bc4 34. g4
Bd5 35. Be2 Bc6 36. Bd1 Nd5 37. Kg3 Nf6 38. Bc2 h5 39. g5 Nd7 40. R5e3 Nc5 41.
b3 1/2-1/2

[Event "World Youth U16 Olympiad"]
[Site "Gyor HUN"]
[Date "2014.12.19"]
[Round "8.18"]
[Board "4"]
[White "Breedt, Shade"]
[Black "Vasova, Maria"]
[Result "1/2-1/2"]
[WhiteTitle "WCM"]
[WhiteElo "1623"]
[BlackElo "2031"]
[WhiteTeam "South Africa 1"]
[BlackTeam "Bulgaria"]
[WhiteFideId "14304511"]
[BlackFideId "2900955"]
[EventDate "2014.12.13"]
[EventType "team"]

1. e4 e5 2. Nf3 Nc6 3. Bc4 Bc5 4. c3 Nf6 5. d4 exd4 6. cxd4 Bb4+ 7. Bd2 Bxd2+ 8.
Nbxd2 d5 9. exd5 Nxd5 10. O-O O-O 11. Rc1 Nb6 12. Bb3 Ne7 13. Ne4 c6 14. h3 Ned5
15. Re1 Nf6 16. Ne5 g6 17. Qf3 Nfd5 18. Nc3 Be6 19. Nd3 Nc7 20. Nc5 Bxb3 21.
Nxb3 Ncd5 22. Nd2 Nf6 23. Nde4 Nbd5 24. Nxf6+ Nxf6 25. Rcd1 Kg7 26. d5 cxd5 27.
Nxd5 Nxd5 28. Rxd5 Qb6 29. b3 Qb4 30. Red1 Qa3 31. R5d2 b6 32. Re1 Rac8 33. Kh2
Rc5 34. Qd3 Rf5 35. Re4 Qc5 36. Qd4+ Kg8 37. Qxc5 Rxc5 38. Re7 a5 39. Rb7 Rc6 1/2-1/2

[Event "World Youth U16 Olympiad"]
[Site "Gyor HUN"]
[Date "2014.12.19"]
[Round "8.19"]
[Board "1"]
[White "Mraz, Ondrej"]
[Black "Egri, Laszlo Jr."]
[Result "1-0"]
[WhiteElo "2138"]
[BlackElo "2118"]
[WhiteTeam "Slovakia Middle"]
[BlackTeam "Transdanubium West 2"]
[WhiteFideId "14900335"]
[BlackFideId "703397"]
[EventDate "2014.12.13"]
[EventType "team"]

1. e4 c5 2. Nf3 e6 3. d4 cxd4 4. Nxd4 a6 5. Nc3 Qc7 6. Bd3 Nf6 7. f4 d6 8. Qf3
b5 9. g4 Bb7 10. g5 Nfd7 11. O-O d5 12. exd5 b4 13. Be4 Nc5 14. dxe6 bxc3 15.
exf7+ Qxf7 16. Bxb7 Qxb7 17. Re1+ Be7 18. Qxc3 O-O 19. b4 Ne4 20. Qe3 Qxb4 21.
Qxe4 Bc5 22. Be3 Ra7 23. Qd5+ Kh8 24. c3 Qa3 25. Ne6 Bxe3+ 26. Rxe3 Rd7 27. Qe4
Re8 28. Rh3 g6 29. Qxg6 Qe7 30. Rxh7+ Qxh7 31. Qxe8+ Qg8 32. Qxg8+ Kxg8 33. g6
Nc6 34. f5 Ne7 35. Rb1 Nc6 36. f6 1-0

[Event "World Youth U16 Olympiad"]
[Site "Gyor HUN"]
[Date "2014.12.19"]
[Round "8.19"]
[Board "2"]
[White "Czupor, Attila"]
[Black "Haring, Viktor"]
[Result "0-1"]
[WhiteElo "2107"]
[BlackElo "2051"]
[WhiteTeam "Transdanubium West 2"]
[BlackTeam "Slovakia Middle"]
[WhiteFideId "752495"]
[BlackFideId "14919400"]
[EventDate "2014.12.13"]
[EventType "team"]

1. e4 c5 2. Nf3 Nc6 3. d4 cxd4 4. Nxd4 Nf6 5. Nc3 e5 6. Ndb5 d6 7. Bg5 a6 8. Na3
b5 9. Nd5 Qa5+ 10. Bd2 Qd8 11. Bg5 Be7 12. Bxf6 Bxf6 13. c4 b4 14. Nc2 Rb8 15.
b3 Bg5 16. Be2 O-O 17. O-O Be6 18. Qd3 Qd7 19. a3 bxa3 20. Rxa3 a5 21. Qg3 Bd8
22. Rd1 Qa7 23. Nc3 Bb6 24. Rxd6 Nd4 25. Nxd4 Bxd4 26. Nb5 Rxb5 27. Rxd4 Qxd4
28. cxb5 Qb2 29. Rxa5 Qxe2 30. Ra1 Qxb5 31. Rb1 Rb8 32. b4 f6 33. Qc3 Qc4 34.
Qe1 Qd4 35. h3 Ba2 36. Ra1 Qb2 37. Kh2 Bc4 38. Rb1 Qd4 39. f3 Qd3 40. Qg1 Rd8
41. Ra1 f5 42. exf5 Qxf5 43. Qb6 Qf4+ 44. Kh1 Qd4 45. Qa5 e4 46. fxe4 Re8 47.
Re1 Qf2 48. Rg1 Qe2 49. Qc5 Qxe4 50. Rc1 Bd5 51. Rg1 Ra8 52. Qc3 h6 53. b5 Ra2
54. Qg3 Rb2 55. b6 Rb3 56. Qb8+ Kh7 57. Kh2 Rb2 58. Qg3 Rxb6 59. Re1 Qd4 60. Re2
Rg6 0-1

[Event "World Youth U16 Olympiad"]
[Site "Gyor HUN"]
[Date "2014.12.19"]
[Round "8.19"]
[Board "3"]
[White "Sahidi, Samir"]
[Black "Ugroczky, Peter"]
[Result "1-0"]
[WhiteElo "2026"]
[BlackElo "2057"]
[WhiteTeam "Slovakia Middle"]
[BlackTeam "Transdanubium West 2"]
[WhiteFideId "14936372"]
[BlackFideId "758663"]
[EventDate "2014.12.13"]
[EventType "team"]

1. e4 c5 2. Nf3 d6 3. c4 Nf6 4. Nc3 Bg4 5. d4 cxd4 6. Qxd4 Nc6 7. Qd1 g6 8. Be2
Bg7 9. O-O O-O 10. Be3 Rc8 11. Rc1 b6 12. b3 Nd7 13. Nd4 Bxe2 14. Ncxe2 Nc5 15.
f3 Ne5 16. Rc3 Qd7 17. Qd2 Rfd8 18. Rfc1 Qb7 19. Qc2 a6 20. b4 Ncd7 21. Bg5 Nf6
22. a4 Nc6 23. Nxc6 Rxc6 24. Nd4 Rc7 25. Be3 Rdc8 26. Nb3 d5 27. c5 dxe4 28. c6
Qa7 29. fxe4 Ng4 30. Bd4 e5 31. Bf2 Nxf2 32. Qxf2 b5 33. Qxa7 Rxa7 34. axb5 axb5
35. Rc5 Ra3 36. R1c3 f5 37. Rxb5 fxe4 38. c7 Raa8 39. Rb7 Bf8 40. Kf2 Kf7 41. b5
Ke6 42. b6 Kd7 43. Ke3 Bd6 44. Nd2 Bb4 45. Rc4 Ra3+ 46. Ke2 Ba5 47. Nxe4 Ra2+
48. Kd3 Bxb6 49. Rxb6 Rxc7 50. Rd6+ Kc8 51. Rdc6 Rxc6 52. Rxc6+ Kd7 53. Rc2 Ra3+
54. Ke2 h5 55. Nd2 Ke6 56. Rc8 Kf5 57. Rf8+ Kg4 58. Re8 Ra5 59. Rb8 Kf4 60. Rb4+
Kf5 61. Nf1 Ra2+ 62. Kf3 Ra6 63. Ne3+ Ke6 64. Ke4 Rd6 65. h4 Kf6 66. Nd5+ Ke6
67. Nc7+ Kd7 68. Kxe5 Rc6 69. Nd5 Re6+ 70. Kf4 Re2 71. g3 Kd6 72. Nf6 Rf2+ 73.
Kg5 Rf3 74. Ne4+ Ke5 75. Kxg6 Rf8 76. Ng5 Rg8+ 77. Kxh5 Kf5 78. Rf4+ 1-0

[Event "World Youth U16 Olympiad"]
[Site "Gyor HUN"]
[Date "2014.12.19"]
[Round "8.19"]
[Board "4"]
[White "Szukics, Adam"]
[Black "Poliakova, Emma"]
[Result "1-0"]
[WhiteElo "2000"]
[BlackElo "1679"]
[WhiteTeam "Transdanubium West 2"]
[BlackTeam "Slovakia Middle"]
[WhiteFideId "751871"]
[BlackFideId "73601144"]
[EventDate "2014.12.13"]
[EventType "team"]

1. e4 c5 2. Nf3 Nc6 3. d4 cxd4 4. Nxd4 Nf6 5. Nc3 e5 6. Ndb5 d6 7. Bg5 a6 8. Na3
b5 9. Nd5 Be7 10. Bxf6 Bxf6 11. c3 Bg5 12. Nc2 Be6 13. Nce3 Bxe3 14. Nxe3 O-O
15. a4 b4 16. Bd3 g6 17. O-O Kh8 18. Qf3 Kg7 19. Rfd1 Qc7 20. Qg3 bxc3 21. bxc3
Ne7 22. Rab1 Rfd8 23. c4 Nc6 24. h4 Nd4 25. h5 Qe7 26. Rb6 Qc7 27. Rdb1 Rab8 28.
a5 Rxb6 29. Rxb6 Rb8 30. Nf5+ Bxf5 31. exf5 Rxb6 32. axb6 Qxb6 33. Qg5 h6 34.
f6+ Kg8 35. Qxh6 Ne6 36. hxg6 fxg6 37. Bxg6 1-0

[Event "World Youth U16 Olympiad"]
[Site "Gyor HUN"]
[Date "2014.12.19"]
[Round "8.20"]
[Board "1"]
[White "Karas, Marek"]
[Black "Buzas, Bertalan"]
[Result "0-1"]
[WhiteElo "2170"]
[BlackElo "2109"]
[WhiteTeam "Slovakia West"]
[BlackTeam "Transdanubium West"]
[WhiteFideId "14928558"]
[BlackFideId "751820"]
[EventDate "2014.12.13"]
[EventType "team"]

1. d4 d5 2. c4 e6 3. Nf3 Nf6 4. g3 Bb4+ 5. Bd2 Be7 6. Bg2 O-O 7. O-O c6 8. Nc3
b6 9. Bf4 Nbd7 10. Qd3 Ba6 11. b3 c5 12. Ne5 Rc8 13. Nb5 Bxb5 14. cxb5 Nxe5 15.
Bxe5 Nd7 16. Rac1 Bf6 17. Bxf6 Qxf6 18. e3 Rc7 19. Rc2 Rfc8 20. Rfc1 Qd8 21. h4
cxd4 22. exd4 Rxc2 23. Rxc2 Rxc2 24. Qxc2 Nf6 25. Qc6 Qd7 26. Bf1 Kf8 27. Qa8+
Ne8 28. a4 Ke7 29. b4 Qc7 30. Kg2 h6 31. Bd3 Nd6 32. Qc6 Kd8 33. f3 Nc8 34. f4
Ne7 35. Qxc7+ Kxc7 36. g4 Kd6 37. Kf3 f6 38. Ke3 g5 39. Bh7 gxf4+ 40. Kxf4 e5+
41. Ke3 Ke6 42. Bc2 e4 43. Bd1 Ng6 44. h5 Nh8 45. Kf4 Nf7 46. Be2 Nd6 47. Bf1
Nf7 48. Be2 Ng5 49. Bd1 Nf7 50. Be2 Nd6 51. Bf1 f5 52. gxf5+ Kf6 53. Bh3 Nc4 54.
Bf1 Nd2 55. Bh3 Nb3 56. Ke3 Nc1 57. Bg4 Nd3 58. a5 Nxb4 59. axb6 axb6 60. Kd2
Nd3 61. Ke3 Ne1 62. Kd2 Ng2 63. Bh3 Nh4 64. Bf1 Nxf5 65. Kc3 Ng3 66. Bh3 Nxh5
67. Bc8 Nf4 68. Kd2 Kg5 69. Ke3 h5 70. Kf2 h4 71. Bd7 h3 72. Kg1 e3 0-1

[Event "World Youth U16 Olympiad"]
[Site "Gyor HUN"]
[Date "2014.12.19"]
[Round "8.20"]
[Board "2"]
[White "Acs, Marton"]
[Black "Kavon, Rastislav"]
[Result "1/2-1/2"]
[WhiteElo "1969"]
[BlackElo "2153"]
[WhiteTeam "Transdanubium West"]
[BlackTeam "Slovakia West"]
[WhiteFideId "765139"]
[BlackFideId "14925648"]
[EventDate "2014.12.13"]
[EventType "team"]

1. d4 Nf6 2. Nf3 g6 3. Bg5 Bg7 4. Nbd2 O-O 5. c3 d6 6. e4 c5 7. dxc5 dxc5 8. Be2
Nc6 9. O-O Qc7 10. Qc2 b6 11. Bh4 Bb7 12. Bg3 Qc8 13. Rfe1 Nh5 14. Bf1 Nxg3 15.
hxg3 Qc7 16. a4 Rad8 17. Nc4 Bc8 18. Ne3 Qb7 19. Bc4 Na5 20. Ba2 Nc6 21. Rad1
Bh6 22. Bd5 Bd7 23. Nc4 Qc7 24. e5 Bf5 25. Be4 Be6 26. b3 Rxd1 27. Qxd1 Rd8 28.
Qb1 Bg7 29. Bxc6 Qxc6 30. Ne3 Bh6 31. c4 Rd7 32. Qc2 Qa8 33. a5 Bxe3 34. Rxe3
Bf5 35. Qa2 Qd8 36. e6 Bxe6 37. axb6 axb6 38. Qa4 Rd6 39. Ne5 Bd7 40. Qa7 Be6
41. Qb7 Bc8 42. Qa8 Be6 43. Qb7 1/2-1/2

[Event "World Youth U16 Olympiad"]
[Site "Gyor HUN"]
[Date "2014.12.19"]
[Round "8.20"]
[Board "3"]
[White "Puskar, Peter"]
[Black "Arvai, Eszter"]
[Result "1-0"]
[WhiteElo "2051"]
[BlackElo "1978"]
[WhiteTeam "Slovakia West"]
[BlackTeam "Transdanubium West"]
[WhiteFideId "14925842"]
[BlackFideId "732583"]
[EventDate "2014.12.13"]
[EventType "team"]

1. d4 d5 2. c4 e6 3. Nf3 Nf6 4. Bg5 Bb4+ 5. Nbd2 Nbd7 6. e3 Be7 7. cxd5 exd5 8.
Bd3 O-O 9. O-O c5 10. Rc1 b6 11. h3 Bb7 12. Bf4 Ne4 13. Ne5 Nxe5 14. Bxe5 Bd6
15. Bxd6 Qxd6 16. Bxe4 dxe4 17. dxc5 bxc5 18. Nb3 Qb6 19. Nxc5 Rfd8 20. Qe2 Rac8
21. Nxb7 Qxb7 22. Rfd1 Rxc1 23. Rxc1 Qd5 24. Qc4 Qd2 25. b4 g6 26. a4 Rd6 27.
Qc3 Qe2 28. Rc2 Qd1+ 29. Kh2 Rd8 30. Qc7 Rd7 31. Qb8+ Rd8 32. Rc8 Rxc8 33. Qxc8+
Kg7 34. Qc6 Qb3 35. Qb5 a6 36. Qe5+ Kg8 37. b5 axb5 38. axb5 Qb4 39. Qb8+ Kg7
40. b6 Qb5 41. Qc7 1-0

[Event "World Youth U16 Olympiad"]
[Site "Gyor HUN"]
[Date "2014.12.19"]
[Round "8.20"]
[Board "4"]
[White "Szabo, Benjamin"]
[Black "Vrtiakova, Anna"]
[Result "1/2-1/2"]
[WhiteElo "1947"]
[BlackElo "1866"]
[WhiteTeam "Transdanubium West"]
[BlackTeam "Slovakia West"]
[WhiteFideId "761095"]
[BlackFideId "14927870"]
[EventDate "2014.12.13"]
[EventType "team"]

1. d4 Nf6 2. Nf3 e6 3. g3 c5 4. Bg2 d5 5. O-O Nc6 6. b3 Be7 7. Bb2 O-O 8. e3 b6
9. Nbd2 Bb7 10. a3 Rc8 11. Rc1 Bd6 12. c4 Qe7 13. dxc5 bxc5 14. Re1 Rfd8 15. Qc2
Nb8 16. Ne5 Nbd7 17. Nxd7 Nxd7 18. f4 Nf6 19. e4 dxe4 20. Nxe4 Nxe4 21. Bxe4
Bxe4 22. Qxe4 Rb8 23. Re3 Rb7 24. Rce1 Rdb8 25. Qc2 Qf8 26. h4 Rd8 27. h5 h6 28.
Qe4 Rdb8 29. Qf3 Qc8 30. g4 Qc7 31. Rf1 Be7 32. Rd3 Rd8 33. Rxd8+ Bxd8 34. Rd1
Be7 35. Be5 Qc8 36. Qd3 f6 37. Ba1 Qc6 38. f5 e5 39. Kf2 Kf8 40. Qe3 Rd7 41.
Rxd7 Qxd7 42. Qe2 Qb7 43. Qf3 Qd7 44. Qd5 Qxd5 45. cxd5 Bd8 46. Bc3 Bb6 47. Ke2
Ke7 48. Kd3 Kd6 49. Kc4 a6 50. b4 Ba7 51. bxc5+ Bxc5 52. a4 e4 53. Be1 Bg1 54.
Bb4+ Kd7 55. Bf8 Be3 56. Bb4 Bf2 57. a5 Be3 58. Bf8 Bg5 59. Bc5 Bd2 1/2-1/2